Negara Kita : Sejarah, Pentadbiran Dan Dasar - Dasar Pembangunan (Record no. 27164)

000 -LEADER
fixed length control field 00895nam a22002537a 4500
001 - CONTROL NUMBER
control field 0000002700
003 - CONTROL NUMBER IDENTIFIER
control field PPM
005 - DATE AND TIME OF LATEST TRANSACTION
control field 20260305091915.0
008 - FIXED-LENGTH DATA ELEMENTS--GENERAL INFORMATION
fixed length control field 260305b ||||| |||| 00| 0 eng d
020 ## - INTERNATIONAL STANDARD BOOK NUMBER
Terms of availability RM 12.00
Qualifying information Paperback
035 ## - SYSTEM CONTROL NUMBER
System control number 0000002700
040 ## - CATALOGING SOURCE
Original cataloging agency PPM
Language of cataloging Malay
Transcribing agency Pusat Penyelidikan Mineral, Jabatan Mineral Dan Geosains Malaysia
Modifying agency PPM
Description conventions rda
082 00 - DEWEY DECIMAL CLASSIFICATION NUMBER
Edition number 19
Classification number 959.5
Item number NEG 1983
245 10 - TITLE STATEMENT
Title Negara Kita : Sejarah, Pentadbiran Dan Dasar - Dasar Pembangunan
250 ## - EDITION STATEMENT
Edition statement 2nd ed.
260 #1 - PUBLICATION, DISTRIBUTION, ETC.
Place of publication, distribution, etc. Kuala Lumpur :
Name of publisher, distributor, etc. Institiut Tadbiran Awam Negara (INTAN) ,
Date of publication, distribution, etc. 1983
300 00 - PHYSICAL DESCRIPTION
Extent 317 pages .:
Other physical details maps, graph, some colour, illustrations .;
Dimensions 24 cm
500 ## - GENERAL NOTE
General note Sejarah Am Asia (General history of Asia)
504 ## - BIBLIOGRAPHY, ETC. NOTE
Bibliography, etc. note Mengandungi rujukan bibliografi
650 10 - SUBJECT ADDED ENTRY--TOPICAL TERM
Topical term or geographic name entry element Civil service
Geographic subdivision Malaysia
651 10 - SUBJECT ADDED ENTRY--GEOGRAPHIC NAME
Geographic name Malaysia
General subdivision History
651 20 - SUBJECT ADDED ENTRY--GEOGRAPHIC NAME
Geographic name Malaysia
General subdivision Economic policy
942 ## - ADDED ENTRY ELEMENTS (KOHA)
Source of classification or shelving scheme
Koha item type Books
Holdings
Withdrawn status Lost status Source of classification or shelving scheme Damaged status Not for loan Collection code Permanent Location Current Location Shelving location Date acquired Cost, normal purchase price Total Checkouts Full call number Date last seen Price effective from Koha item type
Available         Open Shelf PPM PPM Open Shelf 05/03/2026 12.00   959.5 NEG 1983 05/03/2026 05/03/2026 Books